Documentos del Congreso Internacional Planeamiento y gestión del Desarrollo de la Educación
Saved in:
| Format: | Bog |
|---|---|
| Sprog: | spansk |
| Udgivet: |
París
UNESCO
1990
|
| Fag: | |
| Tags: |
Tilføj Tag
Ingen Tags, Vær først til at tagge denne postø!
|
MARC
| LEADER | 00000nam a2200000 a 4500 | ||
|---|---|---|---|
| 001 | UCY6324 | ||
| 003 | CL-VaPUC | ||
| 005 | 20210422001448.0 | ||
| 008 | 950526e19900000fr 1 spa d | ||
| 082 | 0 | 4 | |a 372.1 |b DOC |2 21 |
| 245 | 1 | 0 | |a Documentos del Congreso Internacional Planeamiento y gestión del Desarrollo de la Educación |
| 260 | |a París |b UNESCO |c 1990 | ||
| 300 | |a 143 p | ||
| 583 | |a last modification |c 20190821 09:53:46 |k Rodrigo Vera | ||
| 650 | 0 | 0 | |a Planificación de la educación |9 307333 |
| 650 | 0 | 7 | |a EDUCACION NO FORMAL |2 CL-VaPUC |9 308640 |
| 650 | 0 | 7 | |a EDUCACION EXTRAESCOLAR |2 CL-VaPUC |9 311165 |
| 650 | 0 | 0 | |a Educación básica |9 224933 |
| 651 | 0 | |a Colombia |9 256424 | |
| 942 | |c BK | ||
| 945 | |a mfernand |d 19950526 00:00:00 | ||
| 546 | |a En Español | ||
| 536 | |a UNESCO | ||
| 518 | |p Congreso Internacional Planeamiento y Gestión del desarrollo de la Educación, 1, México, 26-30 marzo 1990 | ||
| 999 | |c 382374 |d 382372 | ||
| 952 | |0 0 |1 0 |4 0 |6 372_100000000000000_DOC_1990 |7 0 |8 P |9 504035 |a BIBEDU |b BIBEDU |c BIBEDU_PB |d 2020-01-23 |i 1508628 |o 372.1 DOC 1990 |p 1508628 |r 2024-01-25 |w 2020-01-23 |y BK |k EDU | ||